[Event "4NCL Division 1c"]
[Site "Hinckley Island ENG"]
[Date "2015.05.04"]
[Round "11.111"]
[White "Jones, Gawain"]
[Black "d'Costa, Lorin"]
[Result "1-0"]
[WhiteElo "2641"]
[BlackElo "2426"]
[PlyCount "73"]
[EventDate "2015.05.04"]
[WhiteTeam "Guildford 1"]
[BlackTeam "Barbican 4NCL 1"]

1. e4 c6 2. d4 d5 3. Nc3 dxe4 4. Nxe4 Nd7 5. Ng5 Ngf6 6. Bd3 g6 7. N1f3 Bg7 8.
O-O O-O 9. c3 h6 10. Nxf7 Rxf7 11. Bxg6 Nf8 12. Bxf7+ Kxf7 13. Qb3+ Qd5 14. c4
Qf5 15. Re1 Ng6 16. Ne5+ Nxe5 17. Rxe5 Qg6 18. h3 e6 19. Qf3 Bd7 20. Bd2 Kg8
21. Rae1 Rf8 22. Qa3 a6 23. R5e3 Nh5 24. Qd6 Bc8 25. Bc3 Kh7 26. Qc7 Qf7 27.
Qxf7 Rxf7 28. g3 Bf6 29. Rf3 Kg6 30. Re4 Bg5 31. Rxf7 Kxf7 32. a4 b5 33. Re5
Nf6 34. Rc5 Bb7 35. cxb5 Nd7 36. Rc4 Nb6 37. bxc6 1-0

[Event "4NCL Division 1c"]
[Site "Hinckley Island ENG"]
[Date "2015.05.04"]
[Round "11.112"]
[White "Turner, Matthew"]
[Black "Edouard, Romain"]
[Result "1/2-1/2"]
[WhiteElo "2476"]
[BlackElo "2622"]
[PlyCount "68"]
[EventDate "2015.05.04"]
[WhiteTeam "Barbican 4NCL 1"]
[BlackTeam "Guildford 1"]

1. d4 e6 2. c4 Nf6 3. Nc3 Bb4 4. e3 O-O 5. Bd3 c5 6. Nf3 d5 7. O-O Nc6 8. dxc5
Bxc3 9. bxc3 dxc4 10. Bxc4 Qa5 11. Qb3 e5 12. e4 Nxe4 13. Re1 Nxc5 14. Qa3 Re8
15. Nxe5 Qxa3 16. Bxa3 Rxe5 17. Bxc5 Be6 18. Rxe5 Nxe5 19. Be2 Bc4 20. Bd4 Bxe2
21. Bxe5 b5 22. f3 Bc4 23. a4 a5 24. axb5 Bxb5 25. Rb1 f6 26. Rxb5 fxe5 27.
Rxe5 a4 28. Re2 Kf7 29. Kf2 a3 30. Ra2 Ke6 31. Ke3 Kd5 32. Kd3 Kc5 33. Kc2 Kc4
34. g3 g5 1/2-1/2

[Event "4NCL Division 1c"]
[Site "Hinckley Island ENG"]
[Date "2015.05.04"]
[Round "11.113"]
[White "Sadler, Matthew"]
[Black "Ferguson, Mark"]
[Result "1-0"]
[WhiteElo "2658"]
[BlackElo "2418"]
[PlyCount "81"]
[EventDate "2015.05.04"]
[WhiteTeam "Guildford 1"]
[BlackTeam "Barbican 4NCL 1"]

1. d4 d5 2. c4 c6 3. Nc3 Nf6 4. e3 a6 5. Nf3 Bf5 6. Qb3 Ra7 7. Nh4 Be6 8. a4 b6
9. Nf3 g6 10. Be2 Bg7 11. O-O O-O 12. Bd2 h6 13. Rfd1 Nbd7 14. Rac1 Qa8 15. a5
Rb8 16. Qa3 bxa5 17. Na4 Bf8 18. Bxa5 dxc4 19. Bxc4 Bd5 20. b4 e6 21. Be2 Bd6
22. Nd2 Rab7 23. Nc5 Bxc5 24. dxc5 Re8 25. Qd3 e5 26. e4 Be6 27. Qe3 Kg7 28.
Nc4 Bxc4 29. Bxc4 Nf8 30. Rd6 Rd7 31. Rcd1 Rxd6 32. Rxd6 Ne6 33. h3 Nd4 34. f4
Nb5 35. fxe5 Ng8 36. Rd7 Re7 37. Rd8 Qb7 38. e6 fxe6 39. Qf4 Nf6 40. Qe5 Rd7
41. Bxe6 1-0

[Event "4NCL Division 1c"]
[Site "Hinckley Island ENG"]
[Date "2015.05.04"]
[Round "11.114"]
[White "Sanders, Isaac"]
[Black "van Kampen, Robin"]
[Result "1/2-1/2"]
[WhiteElo "2311"]
[BlackElo "2617"]
[PlyCount "36"]
[EventDate "2015.05.04"]
[WhiteTeam "Barbican 4NCL 1"]
[BlackTeam "Guildford 1"]

1. Nf3 Nf6 2. g3 b6 3. Bg2 Bb7 4. O-O g6 5. d4 Bg7 6. c4 O-O 7. Nc3 Ne4 8. Nxe4
Bxe4 9. Bg5 c5 10. Qd2 cxd4 11. Nxd4 Bxg2 12. Kxg2 d5 13. Bh6 Bxh6 14. Qxh6
dxc4 15. Nf3 f6 16. Qe3 Qe8 17. Rfc1 Qf7 18. Qe4 Nd7 1/2-1/2

[Event "4NCL Division 1c"]
[Site "Hinckley Island ENG"]
[Date "2015.05.04"]
[Round "11.115"]
[White "Maze, Sebastien"]
[Black "Cox, John"]
[Result "1/2-1/2"]
[WhiteElo "2572"]
[BlackElo "2354"]
[PlyCount "47"]
[EventDate "2015.05.04"]
[WhiteTeam "Guildford 1"]
[BlackTeam "Barbican 4NCL 1"]

1. Nf3 d5 2. g3 Bg4 3. Bg2 c6 4. O-O e6 5. c4 Nf6 6. cxd5 Bxf3 7. Bxf3 cxd5 8.
d3 Nc6 9. Nc3 Bd6 10. e4 dxe4 11. dxe4 O-O 12. Be3 Qe7 13. Rc1 Rfd8 14. Qe2 Nd7
15. Bg2 Bc5 16. f4 Bxe3+ 17. Qxe3 Nb6 18. b3 Rd7 19. e5 Rad8 20. Ne4 Qa3 21.
Nd6 Qxa2 22. Bxc6 bxc6 23. Rf2 Qa3 24. Rxc6 1/2-1/2

[Event "4NCL Division 1c"]
[Site "Hinckley Island ENG"]
[Date "2015.05.04"]
[Round "11.116"]
[White "Buchicchio, Giampaolo"]
[Black "Le Roux, Jean-Pierre"]
[Result "0-1"]
[WhiteElo "2343"]
[BlackElo "2546"]
[PlyCount "94"]
[EventDate "2015.05.04"]
[WhiteTeam "Barbican 4NCL 1"]
[BlackTeam "Guildford 1"]

1. e4 c6 2. Nc3 d5 3. Nf3 Nf6 4. e5 Ne4 5. d4 Nxc3 6. bxc3 e6 7. Bd3 h6 8. c4
c5 9. cxd5 exd5 10. c3 Nc6 11. O-O c4 12. Bc2 Be6 13. Nd2 g5 14. a4 Qa5 15. Qf3
Be7 16. Rb1 O-O-O 17. Bf5 Rd7 18. Bc2 a6 19. Rd1 Rf8 20. Qe3 f6 21. exf6 Rxf6
22. Nf3 Bg4 23. Ne5 Nxe5 24. dxe5 Bc5 25. Rd4 Rb6 26. Ra1 Be6 27. Ba3 Bxd4 28.
Qxd4 Rc6 29. Rb1 Qc7 30. Bd6 Rdxd6 31. exd6 Qxd6 32. Qh8+ Kc7 33. Qg7+ Qd7 34.
Qxh6 d4 35. cxd4 Bf5 36. Bxf5 Rxh6 37. Bxd7 Kxd7 38. d5 b5 39. Kf1 Rb6 40. axb5
axb5 41. Ke2 Kd6 42. Kd2 Kxd5 43. Kc3 b4+ 44. Kb2 Re6 45. Rd1+ Kc5 46. f4 Re2+
47. Kc1 gxf4 0-1

[Event "4NCL Division 1c"]
[Site "Hinckley Island ENG"]
[Date "2015.05.04"]
[Round "11.117"]
[White "Stefanova, Antoaneta"]
[Black "Berry, Neil"]
[Result "1-0"]
[WhiteElo "2522"]
[BlackElo "2267"]
[PlyCount "93"]
[EventDate "2015.05.04"]
[WhiteTeam "Guildford 1"]
[BlackTeam "Barbican 4NCL 1"]

1. Nf3 d5 2. g3 Nf6 3. Bg2 c6 4. O-O Bg4 5. d3 Nbd7 6. h3 Bh5 7. Qe1 e5 8. e4
dxe4 9. dxe4 Bxf3 10. Bxf3 Bc5 11. a4 a5 12. Na3 O-O 13. Nc4 Qc7 14. Bg5 h6 15.
Bd2 b6 16. Qe2 Rfe8 17. Rfd1 Nf8 18. Bc3 N6d7 19. Ne3 Ne6 20. Nf5 Nf6 21. Bg2
Rad8 22. Kh2 Bd4 23. Bxd4 Nxd4 24. Nxd4 exd4 25. Re1 Nd7 26. Rad1 Nc5 27. Qc4
Ne6 28. e5 c5 29. f4 Nf8 30. Be4 Re7 31. Re2 Rde8 32. Rde1 Kh8 33. Bd3 g6 34.
Qb3 Kg7 35. Bb5 Rd8 36. f5 gxf5 37. Qf3 Qc8 38. Bd3 Rde8 39. Bxf5 Qc7 40. Qg4+
Ng6 41. e6 Qd6 42. Re4 Rh8 43. exf7 Rxe4 44. Rxe4 h5 45. Qxg6+ Qxg6 46. Bxg6
Kxg6 47. Re8 1-0

[Event "4NCL Division 1c"]
[Site "Hinckley Island ENG"]
[Date "2015.05.04"]
[Round "11.118"]
[White "Lauterbach, Ingrid"]
[Black "Hebden, Mark"]
[Result "0-1"]
[WhiteElo "2075"]
[BlackElo "2494"]
[PlyCount "122"]
[EventDate "2015.05.04"]
[WhiteTeam "Barbican 4NCL 1"]
[BlackTeam "Guildford 1"]

1. e4 e5 2. Nc3 Nf6 3. g3 d5 4. exd5 Nxd5 5. Bg2 Nxc3 6. bxc3 Bc5 7. Nf3 Nc6 8.
O-O O-O 9. d3 f6 10. Nd2 Be6 11. Ne4 Bb6 12. Ba3 Rf7 13. Qe1 Qd7 14. Nc5 Bxc5
15. Bxc5 Bh3 16. Bxh3 Qxh3 17. Rb1 b6 18. Ba3 Qe6 19. Ra1 Re8 20. f3 f5 21. Qd2
h6 22. c4 e4 23. fxe4 fxe4 24. Rxf7 Qxf7 25. dxe4 Rxe4 26. Qd5 Rxc4 27. Qxf7+
Kxf7 28. Rf1+ Kg6 29. Rf2 Nd4 30. Bb2 Nxc2 31. Rd2 Ne3 32. Rd7 Nf5 33. Be5 Rc5
34. Bxc7 Rc1+ 35. Kf2 Rc2+ 36. Kf3 Nd4+ 37. Ke3 Nc6 38. Kd3 Nb4+ 39. Ke4 Rxa2
40. Be5 Re2+ 41. Kf4 Rf2+ 42. Ke4 Rf7 43. Rd4 Na6 44. Rd6+ Kh7 45. Kd5 Re7 46.
Bd4 Rc7 47. h4 Nb4+ 48. Ke4 Nc6 49. Bb2 b5 50. g4 Ne7 51. g5 hxg5 52. hxg5 b4
53. Ra6 b3 54. Ra3 Rb7 55. Ra6 Ng6 56. Kf5 Rf7+ 57. Ke6 Rf2 58. Bxg7 Nf4+ 59.
Kd6 Kxg7 60. Rxa7+ Kg6 61. Rb7 b2 0-1

[Event "4NCL Division 1c"]
[Site "Hinckley Island ENG"]
[Date "2015.05.04"]
[Round "11.121"]
[White "Howell, David WL"]
[Black "Adair, James"]
[Result "1-0"]
[WhiteElo "2687"]
[BlackElo "2436"]
[PlyCount "235"]
[EventDate "2015.05.04"]
[WhiteTeam "Cheddleton 1"]
[BlackTeam "White Rose 1"]

1. c4 c5 2. Nf3 Nc6 3. d4 cxd4 4. Nxd4 Nf6 5. Nc3 e6 6. g3 Bc5 7. Nb3 Be7 8.
Bg2 O-O 9. O-O b6 10. e4 Ba6 11. Nb5 Ne5 12. Qd4 d6 13. f4 Nc6 14. Qf2 d5 15.
e5 Ne4 16. Qe2 Nc5 17. Be3 Ne4 18. Bc1 Nc5 19. Be3 Rc8 20. cxd5 exd5 21. Rfd1
Qe8 22. Bf1 f6 23. Nxc5 bxc5 24. exf6 Rxf6 25. Rxd5 Nd4 26. Bxd4 Bxb5 27. Qxb5
Qxb5 28. Bxb5 cxd4 29. Re1 Kf8 30. Bd3 h6 31. Rd7 Bb4 32. Re2 Rf7 33. Rd5 Rf6
34. Kg2 Rd6 35. Rf5+ Rf6 36. Rd5 Rd6 37. Rb5 Rb6 38. Rf5+ Rf6 39. Rfe5 Rfc6 40.
h4 Rc5 41. Re6 R5c6 42. R6e5 Rc5 43. R5e4 Rd5 44. Re6 Rd6 45. R6e5 Rdc6 46. Kf3
R6c7 47. Rf5+ Kg8 48. Rd5 Bc5 49. Bf5 Rb8 50. Bg6 Rcc8 51. Re6 Bb6 52. Ke2 Bc5
53. Kd3 Rc7 54. Re2 Bb6 55. Rde5 Rcc8 56. Rd5 Rc7 57. Rb5 Rc1 58. Rbe5 Rcc8 59.
Re7 Bc5 60. Rd7 Rd8 61. Rxd8+ Rxd8 62. Re5 Rc8 63. h5 Kf8 64. Rf5+ Kg8 65. Bf7+
Kh7 66. Re5 Bb6 67. Bg6+ Kg8 68. Rf5 Rc7 69. Re5 Rc8 70. g4 Bc5 71. Rd5 Bb6 72.
Re5 Bc5 73. Rd5 Bb6 74. Rf5 Rc7 75. Re5 Rc8 76. a3 Rf8 77. Bf5 Rd8 78. b4 Kf8
79. Bg6 Rc8 80. Kd2 Bc7 81. Rf5+ Kg8 82. Bf7+ Kh7 83. Bg6+ Kg8 84. Bf7+ Kh7 85.
Kd3 Bb6 86. Bc4 Re8 87. Re5 Rf8 88. f5 Bd8 89. a4 Bf6 90. Ra5 Re8 91. Be6 Re7
92. Rc5 Rb7 93. b5 Rb8 94. Rc7 Ra8 95. Ke4 Bd8 96. Rd7 Bf6 97. Rxd4 Bxd4 98.
Kxd4 Rd8+ 99. Kc5 Rd1 100. a5 Rc1+ 101. Bc4 Ra1 102. Kb4 Rb1+ 103. Bb3 Rg1 104.
b6 axb6 105. axb6 Rxg4+ 106. Kc5 Rg3 107. Bc4 Re3 108. b7 Re8 109. Be6 Rb8 110.
Kc6 Kh8 111. Kc7 Rxb7+ 112. Kxb7 Kh7 113. Kc7 Kh8 114. Kd7 Kh7 115. Ke7 Kh8
116. Kf7 Kh7 117. Kf8 Kh8 118. Bg8 1-0

[Event "4NCL Division 1c"]
[Site "Hinckley Island ENG"]
[Date "2015.05.04"]
[Round "11.122"]
[White "Emms, John M"]
[Black "Hawkins, Jonathan"]
[Result "1/2-1/2"]
[WhiteElo "2462"]
[BlackElo "2552"]
[PlyCount "55"]
[EventDate "2015.05.04"]
[WhiteTeam "White Rose 1"]
[BlackTeam "Cheddleton 1"]

1. e4 c6 2. c4 d5 3. cxd5 cxd5 4. exd5 Nf6 5. Nc3 Nxd5 6. Nf3 Nc6 7. Bb5 e6 8.
O-O Be7 9. d4 O-O 10. Re1 Bd7 11. Bd3 Rc8 12. Nxd5 exd5 13. Ne5 Bf6 14. Bf4 Be6
15. Nxc6 Rxc6 16. Qd2 Qb6 17. Be5 Bxe5 18. dxe5 Rfc8 19. Rac1 Rxc1 20. Rxc1
Rxc1+ 21. Qxc1 g6 22. a3 Kg7 23. Qf4 Qxb2 24. Qf6+ Kg8 25. Qd8+ Kg7 26. Qf6+
Kg8 27. Qd8+ Kg7 28. Qf6+ 1/2-1/2

[Event "4NCL Division 1c"]
[Site "Hinckley Island ENG"]
[Date "2015.05.04"]
[Round "11.123"]
[White "Eggleston, David J"]
[Black "Wells, Peter"]
[Result "0-1"]
[WhiteElo "2424"]
[BlackElo "2441"]
[PlyCount "108"]
[EventDate "2015.05.04"]
[WhiteTeam "Cheddleton 1"]
[BlackTeam "White Rose 1"]

1. e4 c5 2. Nf3 Nc6 3. d4 cxd4 4. Nxd4 Nf6 5. Nc3 d6 6. Bg5 e6 7. Qd2 Be7 8.
O-O-O Nxd4 9. Qxd4 O-O 10. f3 a6 11. h4 b5 12. Kb1 Bb7 13. Qd2 Rc8 14. Bd3 Nd7
15. a3 Ne5 16. Be2 f6 17. Be3 Qc7 18. g4 Nc4 19. Bxc4 Qxc4 20. Qg2 d5 21. g5
dxe4 22. Nxe4 f5 23. Nf6+ Rxf6 24. Rd4 Qc6 25. gxf6 Bxf6 26. Rf4 Bxb2 27. Kxb2
Qc3+ 28. Kb1 Qxe3 29. Rg1 g6 30. Qg5 Qc3 31. Qg2 Qxa3 32. Rd4 Bd5 33. Rxd5 Qb4+
34. Kc1 exd5 35. Qe2 Qf4+ 36. Kb1 Kf7 37. Re1 Qb4+ 38. Kc1 Qd6 39. Qe3 Qf6 40.
Kb1 Kg7 41. Qa7+ Kg8 42. Qd7 Rd8 43. Qb7 d4 44. Qc7 d3 45. cxd3 Qd4 46. Rd1
Qb4+ 47. Kc2 Qa4+ 48. Kc3 b4+ 49. Kd2 Rxd3+ 50. Kxd3 Qxd1+ 51. Ke3 Qe1+ 52. Kf4
Qxh4+ 53. Ke5 Qg3+ 54. f4 Qc3+ 0-1

[Event "4NCL Division 1c"]
[Site "Hinckley Island ENG"]
[Date "2015.05.04"]
[Round "11.124"]
[White "Gourlay, Iain"]
[Black "Johannesson, Ingvar T"]
[Result "1-0"]
[WhiteElo "2393"]
[BlackElo "2378"]
[PlyCount "57"]
[EventDate "2015.05.04"]
[WhiteTeam "White Rose 1"]
[BlackTeam "Cheddleton 1"]

1. c4 c5 2. Nf3 Nc6 3. g3 g6 4. Bg2 Bg7 5. O-O d6 6. e3 Nf6 7. Nc3 O-O 8. d4
Bf5 9. d5 Na5 10. Qe2 Ne4 11. Nxe4 Bxe4 12. Ne1 Bxg2 13. Nxg2 Rb8 14. Bd2 b5
15. cxb5 a6 16. bxa6 Rxb2 17. Rab1 Rxa2 18. a7 Qc7 19. Qa6 Ra8 20. Rb8+ Rxb8
21. axb8=Q+ Qxb8 22. Bxa5 Qb3 23. Qc8+ Bf8 24. Bd8 Kg7 25. Qc7 e6 26. Nf4 exd5
27. Ne6+ Kg8 28. Nxf8 Kxf8 29. Qxd6+ 1-0

[Event "4NCL Division 1c"]
[Site "Hinckley Island ENG"]
[Date "2015.05.04"]
[Round "11.125"]
[White "Williams, Simon K"]
[Black "McNab, Colin"]
[Result "1/2-1/2"]
[WhiteElo "2430"]
[BlackElo "2437"]
[PlyCount "39"]
[EventDate "2015.05.04"]
[WhiteTeam "Cheddleton 1"]
[BlackTeam "White Rose 1"]

1. e4 g6 2. Nc3 Bg7 3. f4 Nc6 4. Nf3 d6 5. Bc4 Nf6 6. e5 dxe5 7. fxe5 Nh5 8. d4
O-O 9. Be3 Na5 10. Be2 f6 11. e6 f5 12. Ng5 Nf6 13. Nf7 Qe8 14. d5 c6 15. Bf3
cxd5 16. Bxd5 Nxd5 17. Qxd5 Qc6 18. Nh6+ Kh8 19. Nf7+ Kg8 20. Nh6+ 1/2-1/2

[Event "4NCL Division 1c"]
[Site "Hinckley Island ENG"]
[Date "2015.05.04"]
[Round "11.126"]
[White "Palliser, Richard"]
[Black "Hamitevici, Vladimir"]
[Result "1/2-1/2"]
[WhiteElo "2439"]
[BlackElo "2434"]
[PlyCount "162"]
[EventDate "2015.05.04"]
[WhiteTeam "White Rose 1"]
[BlackTeam "Cheddleton 1"]

1. d4 Nf6 2. Bg5 e6 3. e4 h6 4. Bxf6 Qxf6 5. c3 d5 6. Nd2 c5 7. Ngf3 Nc6 8. Bb5
cxd4 9. Nxd4 Bd7 10. O-O Bd6 11. exd5 exd5 12. Re1+ Kf8 13. N2f3 g5 14. Nc2 g4
15. Nfd4 Rg8 16. g3 h5 17. Bf1 h4 18. Bg2 Rg5 19. Ne3 Nxd4 20. Qxd4 Qxd4 21.
cxd4 Be6 22. Rec1 Rb8 23. Rc3 a5 24. Rb3 b5 25. Rc3 a4 26. Rc6 Be7 27. Ra6 Bd8
28. Rc6 Bb6 29. Rd1 b4 30. Nc2 Bd8 31. Ra6 b3 32. axb3 axb3 33. Ne3 h3 34. Bf1
Rb4 35. Ra8 Ke7 36. Rda1 Bb6 37. Rb8 Kd6 38. Rc1 f6 39. Bd3 Rg8 40. Rxg8 Bxg8
41. Nf5+ Kd7 42. Rd1 Be6 43. Kf1 Kc6 44. Ke2 Bxf5 45. Bxf5 Bxd4 46. Bxg4 Bxb2
47. Bxh3 Bd4 48. Bf5 Ra4 49. Rb1 Kc5 50. Rxb3 Ra2+ 51. Kd3 Rxf2 52. Bd7 Be5 53.
Rb5+ Kd6 54. Bg4 Rxh2 55. Bf3 Bxg3 56. Rxd5+ Ke6 57. Rb5 Rh4 58. Bb7 Be5 59.
Bc8+ Kd6 60. Ke3 Rc4 61. Bf5 Bd4+ 62. Kf3 Bc5 63. Bd3 Rc3 64. Ke2 Ke5 65. Rb8
Ra3 66. Re8+ Kf4 67. Re4+ Kg3 68. Rc4 Ra2+ 69. Rc2 Ra5 70. Bh7 Bd4 71. Kd3 Ba7
72. Rc6 f5 73. Rg6+ Kf3 74. Rc6 Rd5+ 75. Kc4 Rd4+ 76. Kc3 f4 77. Ra6 Rd7 78.
Bf5 Rd5 79. Be6 Bd4+ 80. Kc4 Rd8 81. Bd5+ Rxd5 1/2-1/2

[Event "4NCL Division 1c"]
[Site "Hinckley Island ENG"]
[Date "2015.05.04"]
[Round "11.127"]
[White "Kirk, Ezra G"]
[Black "Townsend, Paul"]
[Result "1-0"]
[WhiteElo "2338"]
[BlackElo "2320"]
[PlyCount "57"]
[EventDate "2015.05.04"]
[WhiteTeam "Cheddleton 1"]
[BlackTeam "White Rose 1"]

1. c4 e6 2. d4 d5 3. Nc3 c5 4. cxd5 exd5 5. Nf3 Nc6 6. g3 Nf6 7. Bg2 Be7 8. O-O
O-O 9. Bg5 cxd4 10. Nxd4 h6 11. Be3 Bg4 12. h3 Be6 13. Rc1 Qd7 14. Kh2 Rfd8 15.
Na4 Rac8 16. Nc5 Bxc5 17. Rxc5 Ne4 18. Rc1 Nxd4 19. Qxd4 Qb5 20. Qe5 Nf6 21.
Bxh6 gxh6 22. Qxf6 Qxe2 23. Rfe1 Qa6 24. Qxh6 Qd6 25. Qg5+ Kf8 26. Rcd1 d4 27.
Re4 d3 28. Rh4 Ke8 29. Be4 1-0

[Event "4NCL Division 1c"]
[Site "Hinckley Island ENG"]
[Date "2015.05.04"]
[Round "11.128"]
[White "Maroroa, Sue"]
[Black "Steil-Antoni, Fiona"]
[Result "1/2-1/2"]
[WhiteElo "2297"]
[BlackElo "2081"]
[PlyCount "49"]
[EventDate "2015.05.04"]
[WhiteTeam "White Rose 1"]
[BlackTeam "Cheddleton 1"]

1. e4 e6 2. d4 d5 3. Nd2 dxe4 4. Nxe4 Bd7 5. Nf3 Bc6 6. Bd3 Nd7 7. O-O Ngf6 8.
Qe2 Nxe4 9. Bxe4 Bxe4 10. Qxe4 c6 11. Rd1 Be7 12. Rd3 O-O 13. Ne5 Nf6 14. Qe2
Nd5 15. Rg3 Bh4 16. Rh3 Bg5 17. Qh5 h6 18. Rg3 Nf4 19. Bxf4 Bxf4 20. Rd3 Qa5
21. Qe2 Bxe5 22. Qxe5 Qxe5 23. dxe5 Rfd8 24. Rad1 Rd5 25. Rxd5 1/2-1/2

[Event "4NCL Division 1c"]
[Site "Hinckley Island ENG"]
[Date "2015.05.04"]
[Round "11.131"]
[White "Zakarian, David"]
[Black "Gormally, Daniel W"]
[Result "0-1"]
[WhiteElo "2386"]
[BlackElo "2467"]
[PlyCount "92"]
[EventDate "2015.05.04"]
[WhiteTeam "Oxford 1"]
[BlackTeam "Blackthorne Russia"]

1. e4 c5 2. b3 g6 3. Bb2 Nf6 4. e5 Nd5 5. Qf3 e6 6. Nc3 Nxc3 7. dxc3 Nc6 8. Qe3
Qc7 9. f4 d5 10. Nf3 Bd7 11. h4 h5 12. Ng5 Ne7 13. Qf2 Nf5 14. Bd3 c4 15. Bxf5
Bc5 16. Qe2 gxf5 17. Rh3 b5 18. Bc1 Be7 19. Bd2 a5 20. Rh1 b4 21. bxc4 bxc3 22.
Bxc3 Bb5 23. Bd4 Bxc4 24. Qe3 Ba6 25. c3 Rb8 26. Kf2 Bc4 27. Kg3 a4 28. a3 Rb3
29. Rhb1 Kf8 30. Rxb3 axb3 31. Qf2 Bxg5 32. hxg5 Kg7 33. Qb2 Kg6 34. a4 Ra8 35.
Qa3 Qb7 36. a5 Kg7 37. Bb6 Qxb6 38. axb6 Rxa3 39. Rxa3 b2 40. Rb3 Bxb3 41. b7
b1=Q 42. b8=Q Qe1+ 43. Kh3 h4 44. Kh2 Qg3+ 45. Kh1 h3 46. gxh3 Bc2 0-1

[Event "4NCL Division 1c"]
[Site "Hinckley Island ENG"]
[Date "2015.05.04"]
[Round "11.132"]
[White "Hunt, Adam C"]
[Black "Tan, Justin"]
[Result "1/2-1/2"]
[WhiteElo "2430"]
[BlackElo "2407"]
[PlyCount "21"]
[EventDate "2015.05.04"]
[WhiteTeam "Blackthorne Russia"]
[BlackTeam "Oxford 1"]

1. e4 c5 2. Nf3 d6 3. d4 cxd4 4. Nxd4 Nf6 5. Nc3 g6 6. Be2 Bg7 7. O-O O-O 8.
Bg5 Nc6 9. Nb3 Be6 10. Re1 Rc8 11. Bf1 1/2-1/2

[Event "4NCL Division 1c"]
[Site "Hinckley Island ENG"]
[Date "2015.05.04"]
[Round "11.133"]
[White "Eckersley-Waites, Tom"]
[Black "Hunt, Harriet V"]
[Result "1/2-1/2"]
[WhiteElo "2299"]
[BlackElo "2438"]
[PlyCount "21"]
[EventDate "2015.05.04"]
[WhiteTeam "Oxford 1"]
[BlackTeam "Blackthorne Russia"]

1. e4 c5 2. Nf3 d6 3. d4 cxd4 4. Nxd4 Nf6 5. Nc3 a6 6. Bc4 e6 7. Bb3 Nbd7 8.
O-O Nc5 9. f4 Qc7 10. Qf3 Be7 11. Be3 1/2-1/2

[Event "4NCL Division 1c"]
[Site "Hinckley Island ENG"]
[Date "2015.05.04"]
[Round "11.134"]
[White "Ansell, Simon T"]
[Black "Harvey, Marcus R"]
[Result "1/2-1/2"]
[WhiteElo "2368"]
[BlackElo "2317"]
[PlyCount "64"]
[EventDate "2015.05.04"]
[WhiteTeam "Blackthorne Russia"]
[BlackTeam "Oxford 1"]

1. e4 e6 2. d4 d5 3. Nc3 Nf6 4. Bg5 dxe4 5. Nxe4 Be7 6. Bxf6 gxf6 7. Qd2 e5 8.
Nf3 f5 9. Ng3 e4 10. Ne5 Bg5 11. Qc3 f6 12. Nc4 Nc6 13. h4 Bf4 14. Nh5 Bd6 15.
Nxd6+ Qxd6 16. Bb5 Ke7 17. Bxc6 bxc6 18. g3 Be6 19. Nf4 Rab8 20. a3 a5 21. b3
Rhd8 22. Qxa5 Qxd4 23. O-O Qe5 24. Qe1 Qc5 25. Qe3 Qxe3 26. fxe3 Rd2 27. Rf2
Rbd8 28. Raf1 Bc8 29. Rxd2 Rxd2 30. Rf2 Rd1+ 31. Rf1 Rd2 32. Rf2 Rd1+ 1/2-1/2

[Event "4NCL Division 1c"]
[Site "Hinckley Island ENG"]
[Date "2015.05.04"]
[Round "11.135"]
[White "Savage, Ben DM"]
[Black "Bates, Richard A"]
[Result "1/2-1/2"]
[WhiteElo "2271"]
[BlackElo "2346"]
[PlyCount "71"]
[EventDate "2015.05.04"]
[WhiteTeam "Oxford 1"]
[BlackTeam "Blackthorne Russia"]

1. Nf3 Nf6 2. c4 g6 3. b4 Bg7 4. Bb2 O-O 5. g3 d6 6. Bg2 e5 7. d3 Re8 8. O-O
Nbd7 9. Nc3 Nf8 10. Qc2 Ne6 11. e3 h5 12. Rfd1 Nh7 13. d4 exd4 14. exd4 Nhg5
15. Nd5 Nxf3+ 16. Bxf3 Ng5 17. Bg2 Bg4 18. Re1 Qd7 19. Qb3 Kh7 20. Nf4 Rxe1+
21. Rxe1 Re8 22. Rxe8 Qxe8 23. Kf1 Ne6 24. Nxe6 Qxe6 25. f3 Bh3 26. Bxh3 Qxh3+
27. Kg1 h4 28. g4 f5 29. g5 f4 30. Qd3 Qe6 31. Qe4 Qxc4 32. Qxf4 Qxb4 33. Qxh4+
Kg8 34. Qe4 Qxb2 35. Qe6+ Kh7 36. Qh3+ 1/2-1/2

[Event "4NCL Division 1c"]
[Site "Hinckley Island ENG"]
[Date "2015.05.04"]
[Round "11.136"]
[White "Ledger, Andrew J"]
[Black "Smallbone, Kieran D"]
[Result "1-0"]
[WhiteElo "2389"]
[BlackElo "2201"]
[PlyCount "93"]
[EventDate "2015.05.04"]
[WhiteTeam "Blackthorne Russia"]
[BlackTeam "Oxford 1"]

1. e4 d6 2. d4 Nf6 3. Nc3 c6 4. f4 Qb6 5. e5 Nd5 6. Nxd5 cxd5 7. Bd3 g6 8. c3
h5 9. Qf3 Qc6 10. a4 Bg4 11. Qe3 Qd7 12. Nf3 Bxf3 13. Qxf3 e6 14. O-O Nc6 15.
b4 Be7 16. Bd2 Kf8 17. a5 Bd8 18. Rae1 Ne7 19. Re2 Rc8 20. Be1 Nf5 21. g3 b6
22. a6 b5 23. Ra2 Rb8 24. Qe2 Qc6 25. Ra3 Ke8 26. h3 Kd7 27. g4 hxg4 28. hxg4
Ng7 29. Kg2 Ne8 30. Bg3 Be7 31. f5 gxf5 32. gxf5 Nc7 33. fxe6+ fxe6 34. Rf7
Rbg8 35. Bh7 dxe5 36. Bxg8 Rxg8 37. Qxe5 Ke8 38. Qh5 Kd8 39. Qh7 Rg4 40. Kh3
Rxg3+ 41. Kxg3 Ne8 42. Rxe7 Qd6+ 43. Kf3 Qxe7 44. Qxe7+ Kxe7 45. Kf4 Kd6 46.
Ra1 Nc7 47. Rh1 1-0

[Event "4NCL Division 1c"]
[Site "Hinckley Island ENG"]
[Date "2015.05.04"]
[Round "11.137"]
[White "Brackmann, Hendrik"]
[Black "Ledger, Dave J"]
[Result "0-1"]
[WhiteElo "2043"]
[BlackElo "2230"]
[PlyCount "112"]
[EventDate "2015.05.04"]
[WhiteTeam "Oxford 1"]
[BlackTeam "Blackthorne Russia"]

1. e4 e5 2. Nf3 Nc6 3. Bb5 a6 4. Ba4 Nf6 5. d3 b5 6. Bb3 Be7 7. O-O O-O 8. Nc3
d6 9. a3 Bg4 10. Be3 Qd7 11. h3 Bh5 12. Nd5 Nxd5 13. Bxd5 Bg6 14. Qd2 Rae8 15.
a4 Bd8 16. axb5 axb5 17. Bb3 Kh8 18. Bg5 f6 19. Bh4 Bh5 20. Nh2 Nd4 21. Ba2 f5
22. Bxd8 Rxd8 23. f3 fxe4 24. dxe4 Ra8 25. c3 Ne6 26. Bxe6 Qxe6 27. Qd5 Qxd5
28. exd5 Bf7 29. Rxa8 Rxa8 30. Rd1 Ra2 31. Rd2 Kg8 32. Kf2 Kf8 33. Nf1 Ke7 34.
Ng3 Kd7 35. Ke3 Bg6 36. Ne4 h6 37. Kf2 b4 38. cxb4 Ra4 39. Nc3 Rxb4 40. Ke3 Bh7
41. g3 g5 42. g4 Ke7 43. h4 Kf6 44. hxg5+ Kxg5 45. Kf2 e4 46. fxe4 Kf4 47. Kg2
Kxg4 48. Rf2 Bxe4+ 49. Nxe4 Rxe4 50. Rf7 Re2+ 51. Kf1 Rxb2 52. Rxc7 Rd2 53.
Rg7+ Kf5 54. Rh7 Kg6 55. Re7 Rxd5 56. Re6+ Kg5 0-1

[Event "4NCL Division 1c"]
[Site "Hinckley Island ENG"]
[Date "2015.05.04"]
[Round "11.138"]
[White "Nelson, Jonathan P"]
[Black "Varney, Zoe"]
[Result "0-1"]
[WhiteElo "2237"]
[BlackElo "1900"]
[PlyCount "136"]
[EventDate "2015.05.04"]
[WhiteTeam "Blackthorne Russia"]
[BlackTeam "Oxford 1"]

1. e4 e5 2. Nf3 Nc6 3. c3 Nf6 4. d4 exd4 5. e5 Nd5 6. Bc4 Nb6 7. Bb3 dxc3 8.
O-O Be7 9. Nxc3 O-O 10. a4 d6 11. a5 Nd7 12. exd6 Bxd6 13. a6 Nce5 14. Re1 bxa6
15. Bg5 Nxf3+ 16. Qxf3 Qxg5 17. Qxa8 Nc5 18. Ne4 Bxh2+ 19. Kf1 Qf5 20. Nxc5
Qxc5 21. Rac1 Qb6 22. Qf3 Be6 23. Rc3 Bd6 24. Kg1 Bb4 25. Rc6 Qd4 26. Re4 Qd2
27. Rc2 Qd6 28. Bxe6 fxe6 29. Qg4 Qd3 30. Qxe6+ Kh8 31. Rce2 Qd1+ 32. Kh2 Bd6+
33. g3 Qf1 34. f4 g5 35. f5 Qf3 36. Rg2 Rxf5 37. Qe8+ Rf8 38. Re3 Bxg3+ 39.
Rxg3 Qf2+ 40. Rg2 Qh4+ 41. Kg1 Rxe8 42. Rxe8+ Kg7 43. Rge2 Qd4+ 44. Kg2 h5 45.
R8e7+ Kf6 46. R7e6+ Kf5 47. Re8 a5 48. Rf2+ Kg4 49. Rfe2 Qd5+ 50. Kh2 h4 51.
Rg2+ Kh5 52. Rge2 Qf3 53. Rh8+ Kg6 54. Rg8+ Kf7 55. Rge8 g4 56. R8e7+ Kf6 57.
Re8 Qf4+ 58. Kg1 Qc1+ 59. Kh2 Qc5 60. R8e6+ Kf5 61. Re7 Qd6+ 62. Kg1 h3 63.
Rf2+ Kg6 64. Rfe2 Kf6 65. R7e3 g3 66. Rf3+ Kg5 67. Ree3 Qd1+ 68. Rf1 h2+ 0-1